01316nam a2200325 a 4500001001200000003000800012006001900020007001500039008004100054020001800095020002700113040002100140035002100161050002300182245010700205260005300312300002300365490005900388504004100447533015200488650002200640650003000662650003700692655002900729700002000758700002100778710001700799830004800816856012600864ebr10428779CaPaEBRm u cr cn|||||||||101119s2010 enka sb 000 0 eng d z9780857242396 z9780857242402 (e-book) aCaPaEBRcCaPaEBR a(OCoLC)68290658814aHB615b.I57 2010eb00aInstitutions and entrepreneurshiph[electronic resource] /cedited by Wesley D. Sine, Robert J. David. aBingley, U.K. :bEmerald Group Pub. Ltd.,c2010. axi, 364 p. :bill.1 aResearch in the sociology of work,x0277-2833 ;vv. 21 aIncludes bibliographical references. aElectronic reproduction.bPalo Alto, Calif. :cebrary,d2011.nAvailable via World Wide Web.nAccess may be limited to ebrary affiliated libraries. 0aEntrepreneurship. 0aNew business enterprises. 0aAssociations, institutions, etc. 7aElectronic books.2local1 aSine, Wesley D.1 aDavid, Robert J.2 aebrary, Inc. 0aResearch in the sociology of work ;vv. 21.40uhttp://site.ebrary.com/lib/rucke/Doc?id=10428779zAn electronic book accessible through the World Wide Web; click to view